Loading...
| Fine Arts - Auditory Fine Arts | 3 | 6.67 | 67% | 0% | 0% |
| Fine Arts - Other Fine Arts | 3 | 13.33 | 100% | 33% | 0% |
| Fine Arts - Visual Fine Arts | 1 | 20.00 | 100% | 100% | 0% |
| Geography | 1 | 10.00 | 100% | 0% | 0% |
| History - European History | 1 | 10.00 | 100% | 0% | 0% |
| History - Other History | 2 | 15.00 | 100% | 50% | 0% |
| History - World History | 1 | 10.00 | 100% | 0% | 0% |
| Literature - American Literature | 2 | 5.00 | 50% | 0% | 0% |
| Literature - British Literature | 2 | 10.00 | 100% | 0% | 0% |
| Literature - European Literature | 3 | 6.67 | 67% | 0% | 0% |
| Philosophy | 2 | 0.00 | 0% | 0% | 0% |
| Pop Culture | 2 | 10.00 | 50% | 50% | 0% |
| Religion | 2 | 15.00 | 100% | 50% | 0% |
| Science - Biology | 4 | 10.00 | 75% | 25% | 0% |
| Science - Chemistry | 2 | 10.00 | 100% | 0% | 0% |
| Science - Other Science | 3 | 16.67 | 67% | 67% | 33% |
| Science - Physics | 4 | 7.50 | 75% | 0% | 0% |
| Social Science | 3 | 10.00 | 100% | 0% | 0% |